Anagramy imion męskich i żeńskich - Statystyki

Ogólne statystyki
  • Ten quiz został rozwiązany 85 razy
  • Średni wynik to 19 z 24
Statystyki odpowiedzi
Płeć Anagramy Imiona % Poprawnych
Mężczyzna dama Adam
95%
Kobieta rasa Sara
95%
Mężczyzna obrys Borys
94%
Mężczyzna tropi Piotr
92%
Mężczyzna bujak Jakub
91%
Mężczyzna motek Tomek
91%
Mężczyzna rolka Karol
89%
Mężczyzna smak Maks
89%
Kobieta jama Maja
88%
Mężczyzna norma Roman
88%
Mężczyzna klima Kamil
83%
Mężczyzna krypta Patryk
83%
Kobieta Diana Nadia
82%
Mężczyzna akcje Jacek
80%
Kobieta kimona Monika
80%
Kobieta armia Maria
78%
Kobieta radia Daria
77%
Kobieta dawna Wanda
75%
Kobieta udatna Danuta
69%
Kobieta partycja Patrycja
68%
Kobieta tania Anita
62%
Kobieta liana Alina
58%
Mężczyzna sroka Oskar
58%
Kobieta Teresa Estera
26%
Nie znaleziono quizów pasujących do podanych kryteriów
Rozkład punktacji
Procent ludzi z każdym wynikiem
Percentyl według liczby udzielonych odpowiedzi
Twoja historia wyników
Nie rozwiązałeś tego quizu